| 000 | 00434nam a22001697a 4500 | ||
|---|---|---|---|
| 005 | 20180425115822.0 | ||
| 008 | 160614b xxu||||| |||| 00| 0 eng d | ||
| 020 | _a81-2591-379-3 | ||
| 041 | _aeng | ||
| 082 |
_b7565 _a382 |
||
| 100 |
_aRas, M. B & Guru, Manjula _91924 |
||
| 245 | _aWTO and international Trade | ||
| 260 |
_aNew Delhi _bVikas Publishing House (P) Ltd. |
||
| 300 | _a379 | ||
| 650 |
_aManagement _9241 |
||
| 942 | _cBK | ||
| 999 |
_c2703 _d2702 |
||